000 01250nam0a2200325 4500
001 RU\NLR\b_ik\94675
005 20250616224838.0
010 _a5-8112-0089-7
_97000
035 _a(NLR Aleph) 002168669
090 _a2624249
_c2624249
100 _a20030213d2002 |||y0rusy50 ca
101 0 _aeng
102 _aRU
105 _aa |||||||||
200 1 _aThe chronicles of Narnia
_iThe magician's nephew
_fC.S. Lewis
_g[Коммент О.В. Никитиной
_gИл.: А.Н. Белов]
210 _aМ.
_cАйрис-пресс
_d2002
215 _a251, [2] с.
_cил.
_d16
225 1 _aЧитаем в оригинале
_iEnglish
300 _aВ вып. дан.: Хроники Нарнии. Племянник чародея / Льюис Клайв Стейплз
517 0 _aХроники Нарнии. Племянник чародея
541 0 _aХроники Нарнии
_zrus
606 0 _aАнглийский язык
_jХрестоматии
_9972309
_3RU\NLR\AUTH\6646032
686 4 _aШ143.21-93рус91
686 4 _aШ6(4Вл)62-445{Лх1299-62}
700 1 _aLewis
_bC. S.
_f1898-1963
_gClive Staples
_4070
801 0 _aRU
_bNLR
_c20030213
_gPSBO
942 _cBOOK
980 _aNB